<?xml version="1.0" encoding="UTF-8"?>
<record
    xmlns:xsi="http://www.w3.org/2001/XMLSchema-instance"
    xsi:schemaLocation="http://www.loc.gov/MARC21/slim http://www.loc.gov/standards/marcxml/schema/MARC21slim.xsd"
    xmlns="http://www.loc.gov/MARC21/slim">

  <leader>03017nam a2200913uu 4500</leader>
  <controlfield tag="001">1106261</controlfield>
  <controlfield tag="005">20260507085354.0</controlfield>
  <controlfield tag="008">080930s2007                        spa  </controlfield>
  <datafield tag="020" ind1=" " ind2=" ">
    <subfield code="a">9789505553211</subfield>
  </datafield>
  <datafield tag="035" ind1=" " ind2=" ">
    <subfield code="a">1106261</subfield>
  </datafield>
  <datafield tag="035" ind1=" " ind2=" ">
    <subfield code="a">(OCoLC)777273017</subfield>
  </datafield>
  <datafield tag="040" ind1=" " ind2=" ">
    <subfield code="c">comduadb</subfield>
  </datafield>
  <datafield tag="041" ind1=" " ind2=" ">
    <subfield code="a">spa</subfield>
  </datafield>
  <datafield tag="080" ind1=" " ind2=" ">
    <subfield code="a">SF</subfield>
  </datafield>
  <datafield tag="100" ind1="1" ind2="0">
    <subfield code="a">Stanchi, Nestor Oscar</subfield>
    <subfield code="4">edt</subfield>
    <subfield code="e">edt</subfield>
    <subfield code="9">558141</subfield>
  </datafield>
  <datafield tag="245" ind1="1" ind2="0">
    <subfield code="a">Microbiologia veterinaria</subfield>
  </datafield>
  <datafield tag="260" ind1=" " ind2=" ">
    <subfield code="a">Argentina :</subfield>
    <subfield code="b">Inter-M&#xE9;dica,</subfield>
    <subfield code="c">2007.</subfield>
  </datafield>
  <datafield tag="300" ind1=" " ind2=" ">
    <subfield code="a">xx, 572 p. : il.</subfield>
  </datafield>
  <datafield tag="650" ind1=" " ind2=" ">
    <subfield code="a">Microbiolog&#xED;a veterinaria</subfield>
    <subfield code="9">23690</subfield>
  </datafield>
  <datafield tag="650" ind1=" " ind2=" ">
    <subfield code="a">Historia de la microbiologia</subfield>
    <subfield code="9">107417</subfield>
  </datafield>
  <datafield tag="650" ind1=" " ind2=" ">
    <subfield code="a">Microscop&#xED;a</subfield>
    <subfield code="9">70660</subfield>
  </datafield>
  <datafield tag="650" ind1=" " ind2=" ">
    <subfield code="a">Toma de muestras</subfield>
    <subfield code="9">35233</subfield>
  </datafield>
  <datafield tag="650" ind1=" " ind2=" ">
    <subfield code="a">Cultivos bacteriol&#xF3;gicos</subfield>
    <subfield code="9">10662</subfield>
  </datafield>
  <datafield tag="650" ind1=" " ind2="7">
    <subfield code="a">Esterilizaci&#xF3;n</subfield>
    <subfield code="2">dcs</subfield>
    <subfield code="9">41507</subfield>
  </datafield>
  <datafield tag="650" ind1=" " ind2=" ">
    <subfield code="a">Gen&#xE9;tica bacteriana</subfield>
    <subfield code="9">13434</subfield>
  </datafield>
  <datafield tag="650" ind1=" " ind2=" ">
    <subfield code="a">Virologia veterinaria</subfield>
    <subfield code="9">36937</subfield>
  </datafield>
  <datafield tag="650" ind1=" " ind2=" ">
    <subfield code="a">Diagn&#xF3;stico viral</subfield>
    <subfield code="9">136026</subfield>
  </datafield>
  <datafield tag="650" ind1=" " ind2=" ">
    <subfield code="a">T&#xE9;cnicas de an&#xE1;lisis</subfield>
    <subfield code="9">22953</subfield>
  </datafield>
  <datafield tag="650" ind1=" " ind2=" ">
    <subfield code="a">Antibi&#xF3;ticos</subfield>
    <subfield code="9">32182</subfield>
  </datafield>
  <datafield tag="650" ind1=" " ind2=" ">
    <subfield code="a">Bacteriologia veterinaria</subfield>
    <subfield code="9">46490</subfield>
  </datafield>
  <datafield tag="650" ind1=" " ind2=" ">
    <subfield code="a">Streptococcus</subfield>
    <subfield code="9">31320</subfield>
  </datafield>
  <datafield tag="650" ind1=" " ind2=" ">
    <subfield code="a">Enterococos</subfield>
    <subfield code="9">36498</subfield>
  </datafield>
  <datafield tag="650" ind1=" " ind2=" ">
    <subfield code="a">Estafilococos</subfield>
    <subfield code="9">21821</subfield>
  </datafield>
  <datafield tag="650" ind1=" " ind2=" ">
    <subfield code="a">Enterobacterias</subfield>
    <subfield code="9">21739</subfield>
  </datafield>
  <datafield tag="650" ind1=" " ind2=" ">
    <subfield code="a">Escherichia coli</subfield>
    <subfield code="9">72506</subfield>
  </datafield>
  <datafield tag="650" ind1=" " ind2=" ">
    <subfield code="a">Salmonella</subfield>
    <subfield code="9">24805</subfield>
  </datafield>
  <datafield tag="650" ind1=" " ind2=" ">
    <subfield code="a">Shigella</subfield>
    <subfield code="9">50876</subfield>
  </datafield>
  <datafield tag="650" ind1=" " ind2=" ">
    <subfield code="a">Yersinia enterocolitica</subfield>
    <subfield code="9">48111</subfield>
  </datafield>
  <datafield tag="650" ind1=" " ind2=" ">
    <subfield code="a">Vibrio cholerae</subfield>
    <subfield code="9">16301</subfield>
  </datafield>
  <datafield tag="650" ind1=" " ind2=" ">
    <subfield code="a">Aeromonas</subfield>
    <subfield code="9">27242</subfield>
  </datafield>
  <datafield tag="650" ind1=" " ind2=" ">
    <subfield code="a">Pseudomonas aeruginosa</subfield>
    <subfield code="9">33296</subfield>
  </datafield>
  <datafield tag="650" ind1=" " ind2="7">
    <subfield code="a">Actinobacillus pleuropneumoniae</subfield>
    <subfield code="2">dcs</subfield>
    <subfield code="9">63898</subfield>
  </datafield>
  <datafield tag="650" ind1=" " ind2=" ">
    <subfield code="a">Listeria spp.</subfield>
    <subfield code="9">20749</subfield>
  </datafield>
  <datafield tag="650" ind1=" " ind2=" ">
    <subfield code="a">Pasteurella multocida</subfield>
    <subfield code="9">20862</subfield>
  </datafield>
  <datafield tag="650" ind1=" " ind2=" ">
    <subfield code="a">Campylobacter</subfield>
    <subfield code="9">17179</subfield>
  </datafield>
  <datafield tag="650" ind1=" " ind2=" ">
    <subfield code="a">Brucella</subfield>
    <subfield code="9">18465</subfield>
  </datafield>
  <datafield tag="650" ind1=" " ind2=" ">
    <subfield code="a">Bacillus anthracis</subfield>
    <subfield code="9">92054</subfield>
  </datafield>
  <datafield tag="650" ind1=" " ind2=" ">
    <subfield code="a">Micobacterias</subfield>
    <subfield code="9">14228</subfield>
  </datafield>
  <datafield tag="650" ind1=" " ind2=" ">
    <subfield code="a">Paratuberculosis</subfield>
    <subfield code="9">28131</subfield>
  </datafield>
  <datafield tag="650" ind1=" " ind2=" ">
    <subfield code="a">Leptospira sp.</subfield>
    <subfield code="9">16523</subfield>
  </datafield>
  <datafield tag="650" ind1=" " ind2=" ">
    <subfield code="a">Borrelia</subfield>
    <subfield code="9">24126</subfield>
  </datafield>
  <datafield tag="650" ind1=" " ind2=" ">
    <subfield code="a">Neisseria</subfield>
    <subfield code="9">49903</subfield>
  </datafield>
  <datafield tag="650" ind1=" " ind2=" ">
    <subfield code="a">Clostridium sp.</subfield>
    <subfield code="9">179544</subfield>
  </datafield>
  <datafield tag="650" ind1=" " ind2=" ">
    <subfield code="a">Adenovirus</subfield>
    <subfield code="9">164086</subfield>
  </datafield>
  <datafield tag="650" ind1=" " ind2=" ">
    <subfield code="a">Herpesvirus</subfield>
    <subfield code="9">26462</subfield>
  </datafield>
  <datafield tag="650" ind1=" " ind2=" ">
    <subfield code="a">Herpesvirus equino</subfield>
    <subfield code="9">146442</subfield>
  </datafield>
  <datafield tag="650" ind1=" " ind2=" ">
    <subfield code="a">Herpesvirus bovino</subfield>
    <subfield code="9">58917</subfield>
  </datafield>
  <datafield tag="650" ind1=" " ind2="7">
    <subfield code="a">Circovirus</subfield>
    <subfield code="2">dcs</subfield>
    <subfield code="9">228542</subfield>
  </datafield>
  <datafield tag="650" ind1=" " ind2=" ">
    <subfield code="a">Parvovirus canino</subfield>
    <subfield code="9">61323</subfield>
  </datafield>
  <datafield tag="650" ind1=" " ind2=" ">
    <subfield code="a">Parvovirus porcino</subfield>
    <subfield code="9">67087</subfield>
  </datafield>
  <datafield tag="650" ind1=" " ind2=" ">
    <subfield code="a">Virus de la rabia</subfield>
    <subfield code="9">175653</subfield>
  </datafield>
  <datafield tag="650" ind1=" " ind2=" ">
    <subfield code="a">Coronavirus</subfield>
    <subfield code="9">21299</subfield>
  </datafield>
  <datafield tag="650" ind1=" " ind2=" ">
    <subfield code="a">Retrovirus</subfield>
    <subfield code="9">48529</subfield>
  </datafield>
  <datafield tag="650" ind1=" " ind2="7">
    <subfield code="a">Micolog&#xED;a m&#xE9;dica</subfield>
    <subfield code="2">lemb</subfield>
    <subfield code="9">42095</subfield>
  </datafield>
  <datafield tag="650" ind1=" " ind2="7">
    <subfield code="a">Micolog&#xED;a</subfield>
    <subfield code="2">dcs</subfield>
    <subfield code="9">26</subfield>
  </datafield>
  <datafield tag="650" ind1=" " ind2="7">
    <subfield code="a">Micosis</subfield>
    <subfield code="2">dcs</subfield>
    <subfield code="9">38174</subfield>
  </datafield>
  <datafield tag="650" ind1=" " ind2=" ">
    <subfield code="a">Priones</subfield>
    <subfield code="9">22805</subfield>
  </datafield>
  <datafield tag="650" ind1=" " ind2=" ">
    <subfield code="a">Encefalopatia espongiforme transmisibles</subfield>
    <subfield code="9">62086</subfield>
  </datafield>
  <datafield tag="650" ind1=" " ind2="7">
    <subfield code="a">Ecolog&#xED;a microbiana</subfield>
    <subfield code="2">lemb</subfield>
    <subfield code="9">1807</subfield>
  </datafield>
  <datafield tag="650" ind1=" " ind2=" ">
    <subfield code="a">Enfermedades transmitidas por alimentos</subfield>
    <subfield code="9">20487</subfield>
  </datafield>
  <datafield tag="650" ind1=" " ind2=" ">
    <subfield code="a">Enfermedades bacterianas</subfield>
    <subfield code="9">46493</subfield>
  </datafield>
  <datafield tag="650" ind1=" " ind2="7">
    <subfield code="a">Enfermedades de los animales</subfield>
    <subfield code="2">dcs</subfield>
    <subfield code="9">36928</subfield>
  </datafield>
  <datafield tag="650" ind1=" " ind2=" ">
    <subfield code="a">Zoonosis - Epidemiologia</subfield>
    <subfield code="9">13812</subfield>
  </datafield>
  <datafield tag="650" ind1=" " ind2=" ">
    <subfield code="a">Biocorrosi&#xF3;n</subfield>
    <subfield code="9">126780</subfield>
  </datafield>
  <datafield tag="650" ind1=" " ind2=" ">
    <subfield code="a">Biodeterioro de materiales</subfield>
    <subfield code="9">153000</subfield>
  </datafield>
  <datafield tag="650" ind1=" " ind2="7">
    <subfield code="a">Indicadores y Reactivos</subfield>
    <subfield code="2">dcs</subfield>
    <subfield code="9">61840</subfield>
  </datafield>
  <datafield tag="650" ind1=" " ind2="7">
    <subfield code="a">Biodegradaci&#xF3;n de aguas residuales</subfield>
    <subfield code="2">lemb</subfield>
    <subfield code="9">202175</subfield>
  </datafield>
  <datafield tag="942" ind1=" " ind2=" ">
    <subfield code="c">BOOK</subfield>
  </datafield>
  <datafield tag="999" ind1=" " ind2=" ">
    <subfield code="c">480489</subfield>
    <subfield code="d">480489</subfield>
  </datafield>
  <datafield tag="952" ind1=" " ind2=" ">
    <subfield code="0">0</subfield>
    <subfield code="1">0</subfield>
    <subfield code="4">0</subfield>
    <subfield code="7">0</subfield>
    <subfield code="8">GENERAL</subfield>
    <subfield code="a">BR</subfield>
    <subfield code="b">BR</subfield>
    <subfield code="d">2008-09-30</subfield>
    <subfield code="e">Marino Vargas Velasquez</subfield>
    <subfield code="g">88000.00</subfield>
    <subfield code="i">C1019476</subfield>
    <subfield code="l">3</subfield>
    <subfield code="o">SF780.2 M5s</subfield>
    <subfield code="p">0680915</subfield>
    <subfield code="r">2024-06-17 00:00:00</subfield>
    <subfield code="s">2023-10-24</subfield>
    <subfield code="t">1</subfield>
    <subfield code="w">2023-04-28</subfield>
    <subfield code="y">BOOKI</subfield>
  </datafield>
</record>
